00640 2200241 4500001002100000005001700021008004100038020002200079035002400101040001200125082000800137090001800145100001300163245007400176250001100250260003300261300002000294504001700314650002100331700001300352850001200365990002100377YOGYA-0912000000008720120925131928.0 ind  a978-602-7665-22-4 0010-091200000000087 aYOPDYOG a372 aDep 372 Yan J aYANUAR A aJenis-Jenis Hukuman Edukatif Untuk Anak SDcYanuar A; editor Kim Nana aCet. 1 aYogyakartabDiva Pressc2012 a184 hlm.c20 Cm ahlm. 183-184 aPendidikan Dasar aKim Nana aYOPDYOG aCB-D.11 2012-650